The WORLD book encyclopedia

Saved in:
Bibliografiske detaljer
Format: Bog
Sprog:engelsk
Udgivet: World Book 1992
Tags: Tilføj Tag
Ingen Tags, Vær først til at tagge denne postø!

MARC

LEADER 00000nam a22000007a 4500
008 211216b ||||| |||| 00| 0 eng d
020 |a 0-7166-0092-7 
245 |a The WORLD book encyclopedia  |c World Book  |g  622p.; ill. 
260 |b World Book  |c 1992  |h Chicago  |i 694199-vol. 21  |i  694203-vol. 10  |i  694204-vol. 22  |l AE5 .W89  |m Encyclopedias and dictionaries.  |m World Book. 
500 |a “It includes references and index”. 
942 |a lcc  |c REF  |e Ifatola, J.T  |f 16/12/2021 
952 |0 0  |1 0  |2 lcc  |4 0  |6 AE0005 W89  |7 0  |9 3986  |a HOL  |b HOL  |c AF  |d 2021-12-16  |l 0  |o AE5 .W89  |p 2021-67710  |r 2021-12-16 00:00:00  |t 694199-vol. 21  |w 2021-12-16  |y REF 
952 |0 0  |1 0  |2 lcc  |4 0  |6 AE0005 W89  |7 0  |9 3987  |a HOL  |b HOL  |c AF  |d 2021-12-16  |l 0  |o AE5 .W89  |p 2021-67711  |r 2021-12-16 00:00:00  |t 694203-vol. 10  |w 2021-12-16  |y REF 
952 |0 0  |1 0  |2 lcc  |4 0  |6 AE0005 W89  |7 0  |9 3988  |a HOL  |b HOL  |c AF  |d 2021-12-16  |l 0  |o AE5 .W89  |p 2021-67712  |r 2021-12-16 00:00:00  |t  694204-vol. 22]   |w 2021-12-16  |y REF 
999 |c 1999  |d 1999